[Event "DVM U20w 2023"]
[Site "Magdeburg GER"]
[Date "2023.12.29"]
[Round "6"]
[White "Rudolph, Eva"]
[Black "Neininger, Sarah"]
[Result "1/2-1/2"]
[Termination "normal"]
[Board "2.3"]
[WhiteElo "1755"]
[BlackElo "1611"]
[WhiteClock "00:08:40"]
[BlackClock "00:28:58"]
[WhiteTeam "SG Solingen"]
[BlackTeam "VSG 1880 Offenbach"]
[PlyCount "71"]
[WhiteFideId "16200594"]
[BlackFideId "16287410"]
[EventCountry "GER"]
[EventRounds "7"]
[EventType "team-swiss"]
[EventDate "2023.12.26"]

1. e4 {[%clk 01:30:57]} {[%emt 00:00:02]} c5 {[%clk 01:30:55]} {[%emt
00:00:06]} 2. Nf3 {[%clk 01:31:20]} {[%emt 00:00:07]} Nc6 {[%clk 01:31:18]}
{[%emt 00:00:07]} 3. d4 {[%clk 01:30:44]} {[%emt 00:01:06]} cxd4 {[%clk
01:31:43]} {[%emt 00:00:05]} 4. Nxd4 {[%clk 01:31:10]} {[%emt 00:00:05]} Nf6
{[%clk 01:32:00]} {[%emt 00:00:12]} 5. Nc3 {[%clk 01:30:52]} {[%emt 00:00:49]}
e5 {[%clk 01:32:19]} {[%emt 00:00:10]} 6. Ndb5 {[%clk 01:30:33]} {[%emt
00:00:50]} d6 {[%clk 01:32:40]} {[%emt 00:00:09]} 7. Bg5 {[%clk 01:29:06]}
{[%emt 00:01:56]} a6 {[%clk 01:33:01]} {[%emt 00:00:09]} 8. Na3 {[%clk
01:29:10]} {[%emt 00:00:27]} b5 {[%clk 01:33:19]} {[%emt 00:00:12]} 9. Nd5
{[%clk 01:29:15]} {[%emt 00:00:24]} Be7 {[%clk 01:33:40]} {[%emt 00:00:09]} 10.
Bxf6 {[%clk 01:28:45]} {[%emt 00:01:01]} Bxf6 {[%clk 01:34:00]} {[%emt
00:00:09]} 11. c4 {[%clk 01:28:18]} {[%emt 00:00:58]} b4 {[%clk 01:34:19]}
{[%emt 00:00:10]} 12. Nc2 {[%clk 01:28:42]} {[%emt 00:00:06]} a5 {[%clk
01:34:43]} {[%emt 00:00:07]} 13. g3 {[%clk 01:27:49]} {[%emt 00:01:22]} O-O
{[%clk 01:35:00]} {[%emt 00:00:12]} 14. Bg2 {[%clk 01:27:56]} {[%emt 00:00:24]}
Be6 {[%clk 01:35:22]} {[%emt 00:00:08]} 15. O-O {[%clk 01:26:48]} {[%emt
00:01:39]} Bxd5 {[%clk 01:35:40]} {[%emt 00:00:12]} 16. Qxd5 {[%clk 01:21:16]}
{[%emt 00:06:02]} Qc7 {[%clk 01:29:24]} {[%emt 00:06:45]} 17. Rfd1 {[%clk
01:19:45]} {[%emt 00:02:01]} Rfd8 {[%clk 01:28:13]} {[%emt 00:01:41]} 18. h4
{[%clk 01:12:36]} {[%emt 00:07:38]} Rac8 {[%clk 01:21:32]} {[%emt 00:07:12]}
19. Bh3 {[%clk 01:08:57]} {[%emt 00:04:09]} Rb8 {[%clk 01:17:01]} {[%emt
00:05:01]} 20. b3 {[%clk 01:08:15]} {[%emt 00:01:13]} Qb6 {[%clk 01:07:54]}
{[%emt 00:09:36]} 21. Qd3 {[%clk 00:56:07]} {[%emt 00:12:37]} Nd4 {[%clk
01:02:44]} {[%emt 00:05:40]} 22. Nxd4 {[%clk 00:37:57]} {[%emt 00:18:41]} exd4
{[%clk 01:00:17]} {[%emt 00:02:58]} 23. Bg2 {[%clk 00:37:30]} {[%emt 00:00:57]}
g6 {[%clk 00:53:40]} {[%emt 00:07:06]} 24. a4 {[%clk 00:27:29]} {[%emt
00:10:31]} bxa3 {[%clk 00:43:45]} {[%emt 00:10:25]} 25. Rxa3 {[%clk 00:27:28]}
{[%emt 00:00:31]} Qb4 {[%clk 00:44:04]} {[%emt 00:00:10]} 26. Rda1 {[%clk
00:26:37]} {[%emt 00:01:22]} Qc3 {[%clk 00:44:16]} {[%emt 00:00:18]} 27. Bf1
{[%clk 00:23:05]} {[%emt 00:04:02]} Rxb3 {[%clk 00:41:05]} {[%emt 00:03:41]}
28. Qxc3 {[%clk 00:18:20]} {[%emt 00:05:15]} Rxc3 {[%clk 00:41:28]} {[%emt
00:00:07]} 29. Rxa5 {[%clk 00:17:42]} {[%emt 00:01:09]} Re8 {[%clk 00:32:34]}
{[%emt 00:09:23]} 30. Ra8 {[%clk 00:16:53]} {[%emt 00:01:19]} Rxa8 {[%clk
00:32:43]} {[%emt 00:00:21]} 31. Rxa8+ {[%clk 00:17:21]} {[%emt 00:00:03]} Kg7
{[%clk 00:33:05]} {[%emt 00:00:07]} 32. Ra5 {[%clk 00:15:53]} {[%emt 00:01:57]}
d3 {[%clk 00:28:22]} {[%emt 00:05:14]} 33. Rd5 {[%clk 00:15:29]} {[%emt
00:00:54]} Rxc4 {[%clk 00:28:27]} {[%emt 00:00:26]} 34. Bxd3 {[%clk 00:09:51]}
{[%emt 00:06:08]} Rd4 {[%clk 00:28:35]} {[%emt 00:00:20]} 35. Rxd4 {[%clk
00:08:26]} {[%emt 00:01:56]} Bxd4 {[%clk 00:28:58]} {[%emt 00:00:06]} 36. Kg2
{[%clk 00:08:40]} {[%emt 00:00:17]} 1/2-1/2

[Event "DVM U20w 2023"]
[Site "Magdeburg GER"]
[Date "2023.12.29"]
[Round "6"]
[White "Sickmann, Lisa"]
[Black "Adelhardt, Lisa"]
[Result "1-0"]
[Termination "normal"]
[Board "3.1"]
[WhiteElo "1883"]
[BlackElo "1701"]
[WhiteClock "01:08:23"]
[BlackClock "00:15:07"]
[WhiteTeam "Lübecker SV 1873"]
[BlackTeam "SC Garching 1980"]
[PlyCount "29"]
[WhiteFideId "16267818"]
[BlackFideId "16235380"]
[EventCountry "GER"]
[EventRounds "7"]
[EventType "team-swiss"]
[EventDate "2023.12.26"]

1. e4 {[%clk 01:30:50]} {[%emt 00:00:10]} e5 {[%clk 01:30:26]} {[%emt
00:00:34]} 2. Nf3 {[%clk 01:31:11]} {[%emt 00:00:08]} Nc6 {[%clk 01:30:50]}
{[%emt 00:00:06]} 3. Bb5 {[%clk 01:31:36]} {[%emt 00:00:05]} a6 {[%clk
01:30:55]} {[%emt 00:00:25]} 4. Ba4 {[%clk 01:31:51]} {[%emt 00:00:16]} b5
{[%clk 01:29:08]} {[%emt 00:02:16]} 5. Bb3 {[%clk 01:32:15]} {[%emt 00:00:07]}
Bc5 {[%clk 01:26:41]} {[%emt 00:02:57]} 6. c3 {[%clk 01:32:37]} {[%emt
00:00:08]} Nf6 {[%clk 01:22:12]} {[%emt 00:04:59]} 7. d4 {[%clk 01:32:43]}
{[%emt 00:00:25]} exd4 {[%clk 01:21:01]} {[%emt 00:01:40]} 8. e5 {[%clk
01:30:42]} {[%emt 00:02:31]} Ng8 {[%clk 01:14:42]} {[%emt 00:06:48]} 9. O-O
{[%clk 01:27:04]} {[%emt 00:04:08]} d5 {[%clk 01:06:29]} {[%emt 00:08:43]} 10.
exd6 {[%clk 01:21:24]} {[%emt 00:06:11]} Qxd6 {[%clk 00:57:28]} {[%emt
00:09:30]} 11. Ng5 {[%clk 01:19:02]} {[%emt 00:02:53]} Be6 {[%clk 00:40:04]}
{[%emt 00:17:53]} 12. Re1 {[%clk 01:14:16]} {[%emt 00:05:14]} Nd8 {[%clk
00:27:10]} {[%emt 00:13:26]} 13. Qf3 {[%clk 01:09:53]} {[%emt 00:04:53]} c6
{[%clk 00:17:46]} {[%emt 00:09:54]} 14. Nxf7 {[%clk 01:09:02]} {[%emt
00:01:21]} Qd7 {[%clk 00:15:07]} {[%emt 00:03:10]} 15. Nxh8 {[%clk 01:08:23]}
{[%emt 00:01:08]} 1-0

[Event "DVM U20w 2023"]
[Site "Magdeburg GER"]
[Date "2023.12.29"]
[Round "6"]
[White "Alferova, Emily"]
[Black "Schmidt, Antonia"]
[Result "1/2-1/2"]
[Termination "normal"]
[Board "3.2"]
[WhiteElo "1589"]
[BlackElo "1647"]
[WhiteClock "00:10:46"]
[BlackClock "00:45:47"]
[WhiteTeam "SC Garching 1980"]
[BlackTeam "Lübecker SV 1873"]
[PlyCount "43"]
[WhiteFideId "16265904"]
[BlackFideId "16291280"]
[EventCountry "GER"]
[EventRounds "7"]
[EventType "team-swiss"]
[EventDate "2023.12.26"]

1. d4 {[%clk 01:30:55]} {[%emt 00:00:04]} Nf6 {[%clk 01:30:57]} {[%emt
00:00:04]} 2. Nf3 {[%clk 01:31:20]} {[%emt 00:00:04]} g6 {[%clk 01:31:14]}
{[%emt 00:00:13]} 3. Nbd2 {[%clk 01:31:23]} {[%emt 00:00:27]} Bg7 {[%clk
01:31:22]} {[%emt 00:00:22]} 4. e4 {[%clk 01:31:44]} {[%emt 00:00:09]} d6
{[%clk 01:31:50]} {[%emt 00:00:02]} 5. Bc4 {[%clk 01:31:21]} {[%emt 00:00:53]}
O-O {[%clk 01:30:50]} {[%emt 00:01:30]} 6. O-O {[%clk 01:28:40]} {[%emt
00:03:12]} c6 {[%clk 01:29:07]} {[%emt 00:02:13]} 7. Qe2 {[%clk 01:26:00]}
{[%emt 00:03:10]} Qc7 {[%clk 01:28:21]} {[%emt 00:01:15]} 8. Bb3 {[%clk
01:18:57]} {[%emt 00:07:33]} e5 {[%clk 01:28:01]} {[%emt 00:00:50]} 9. dxe5
{[%clk 01:14:22]} {[%emt 00:05:05]} dxe5 {[%clk 01:28:28]} {[%emt 00:00:03]}
10. Nc4 {[%clk 01:12:45]} {[%emt 00:02:07]} Bg4 {[%clk 01:26:59]} {[%emt
00:01:59]} 11. h3 {[%clk 01:08:12]} {[%emt 00:05:04]} Bxf3 {[%clk 01:20:53]}
{[%emt 00:06:36]} 12. Qxf3 {[%clk 01:08:31]} {[%emt 00:00:10]} Nbd7 {[%clk
01:20:08]} {[%emt 00:01:15]} 13. Bg5 {[%clk 01:06:57]} {[%emt 00:02:05]} h6
{[%clk 01:17:07]} {[%emt 00:03:31]} 14. Be3 {[%clk 01:05:16]} {[%emt 00:02:10]}
Nh5 {[%clk 01:11:05]} {[%emt 00:06:33]} 15. Rfd1 {[%clk 01:01:28]} {[%emt
00:04:16]} Nf4 {[%clk 01:07:27]} {[%emt 00:04:08]} 16. Nd6 {[%clk 00:54:46]}
{[%emt 00:07:13]} Ne6 {[%clk 01:03:47]} {[%emt 00:04:11]} 17. Nxf7 {[%clk
00:33:45]} {[%emt 00:21:31]} Ndc5 {[%clk 01:00:07]} {[%emt 00:04:09]} 18. Qg4
{[%clk 00:25:58]} {[%emt 00:08:17]} Nd4 {[%clk 00:51:07]} {[%emt 00:09:30]} 19.
Nxh6+ {[%clk 00:22:36]} {[%emt 00:03:52]} Kh7 {[%clk 00:51:01]} {[%emt
00:00:36]} 20. Qh4 {[%clk 00:16:38]} {[%emt 00:06:29]} Bf6 {[%clk 00:48:20]}
{[%emt 00:03:11]} 21. Qg4 {[%clk 00:15:20]} {[%emt 00:01:48]} Rad8 {[%clk
00:45:47]} {[%emt 00:03:02]} 22. Rd2 {[%clk 00:10:46]} {[%emt 00:05:04]}
1/2-1/2

[Event "DVM U20w 2023"]
[Site "Magdeburg GER"]
[Date "2023.12.29"]
[Round "6"]
[White "Malinowsky, Celina"]
[Black "Frowein, Jamie"]
[Result "1/2-1/2"]
[Termination "normal"]
[Board "3.3"]
[WhiteElo "1530"]
[BlackElo "1430"]
[WhiteClock "00:31:28"]
[BlackClock "00:28:31"]
[WhiteTeam "Lübecker SV 1873"]
[BlackTeam "SC Garching 1980"]
[PlyCount "59"]
[WhiteFideId "16266986"]
[BlackFideId "16282949"]
[EventCountry "GER"]
[EventRounds "7"]
[EventType "team-swiss"]
[EventDate "2023.12.26"]

1. e4 {[%clk 01:30:57]} {[%emt 00:00:03]} c5 {[%clk 01:30:57]} {[%emt
00:00:04]} 2. Nc3 {[%clk 01:31:19]} {[%emt 00:00:08]} d6 {[%clk 01:31:23]}
{[%emt 00:00:05]} 3. Bc4 {[%clk 01:31:41]} {[%emt 00:00:07]} Nf6 {[%clk
01:31:34]} {[%emt 00:00:19]} 4. d3 {[%clk 01:31:58]} {[%emt 00:00:13]} g6
{[%clk 01:31:40]} {[%emt 00:00:23]} 5. f4 {[%clk 01:32:23]} {[%emt 00:00:05]}
Nc6 {[%clk 01:31:10]} {[%emt 00:01:01]} 6. Nf3 {[%clk 01:31:30]} {[%emt
00:01:22]} Bg7 {[%clk 01:31:22]} {[%emt 00:00:19]} 7. O-O {[%clk 01:30:42]}
{[%emt 00:01:17]} O-O {[%clk 01:31:36]} {[%emt 00:00:17]} 8. a3 {[%clk
01:29:18]} {[%emt 00:01:54]} a6 {[%clk 01:31:30]} {[%emt 00:00:36]} 9. Qe1
{[%clk 01:26:39]} {[%emt 00:03:09]} b5 {[%clk 01:30:27]} {[%emt 00:01:33]} 10.
Ba2 {[%clk 01:26:04]} {[%emt 00:01:04]} b4 {[%clk 01:25:13]} {[%emt 00:05:45]}
11. axb4 {[%clk 01:23:49]} {[%emt 00:02:45]} cxb4 {[%clk 01:24:20]} {[%emt
00:01:24]} 12. Nd5 {[%clk 01:20:59]} {[%emt 00:03:19]} a5 {[%clk 01:23:39]}
{[%emt 00:01:12]} 13. Qh4 {[%clk 01:18:14]} {[%emt 00:03:14]} Nxd5 {[%clk
01:20:17]} {[%emt 00:03:52]} 14. Bxd5 {[%clk 01:18:23]} {[%emt 00:00:21]} Qb6+
{[%clk 01:19:24]} {[%emt 00:01:23]} 15. Kh1 {[%clk 01:17:09]} {[%emt 00:01:43]}
e6 {[%clk 01:16:39]} {[%emt 00:03:16]} 16. Bb3 {[%clk 01:15:20]} {[%emt
00:02:19]} Nd4 {[%clk 01:09:10]} {[%emt 00:07:58]} 17. Be3 {[%clk 01:07:47]}
{[%emt 00:08:03]} Nxf3 {[%clk 01:07:49]} {[%emt 00:01:52]} 18. Rxf3 {[%clk
01:08:15]} {[%emt 00:00:02]} Qd8 {[%clk 01:04:47]} {[%emt 00:03:32]} 19. Qxd8
{[%clk 01:06:39]} {[%emt 00:02:06]} Rxd8 {[%clk 01:04:56]} {[%emt 00:00:21]}
20. Bb6 {[%clk 01:06:59]} {[%emt 00:00:11]} Rd7 {[%clk 01:04:53]} {[%emt
00:00:33]} 21. Rff1 {[%clk 00:49:52]} {[%emt 00:17:36]} Bxb2 {[%clk 01:03:13]}
{[%emt 00:02:10]} 22. Rxa5 {[%clk 00:49:38]} {[%emt 00:00:45]} Rxa5 {[%clk
01:02:17]} {[%emt 00:01:26]} 23. Bxa5 {[%clk 00:50:06]} Rb7 {[%clk 01:01:10]}
{[%emt 00:01:37]} 24. Bd8 {[%clk 00:47:58]} {[%emt 00:02:38]} Kg7 {[%clk
00:51:36]} {[%emt 00:10:04]} 25. Bh4 {[%clk 00:46:09]} {[%emt 00:02:18]} Rc7
{[%clk 00:46:12]} {[%emt 00:05:54]} 26. Be1 {[%clk 00:40:55]} {[%emt 00:05:44]}
Rb7 {[%clk 00:44:32]} {[%emt 00:02:11]} 27. Bd2 {[%clk 00:39:27]} {[%emt
00:01:58]} Rb6 {[%clk 00:39:47]} {[%emt 00:05:15]} 28. Rb1 {[%clk 00:36:06]}
{[%emt 00:03:51]} Bc3 {[%clk 00:31:58]} {[%emt 00:08:19]} 29. Bc1 {[%clk
00:33:04]} {[%emt 00:03:32]} Ra6 {[%clk 00:28:31]} {[%emt 00:03:57]} 30. Kg1
{[%clk 00:31:28]} {[%emt 00:02:06]} 1/2-1/2

[Event "DVM U20w 2023"]
[Site "Magdeburg GER"]
[Date "2023.12.29"]
[Round "6"]
[White "Muhina, Liana"]
[Black "Rosin, Ida"]
[Result "1/2-1/2"]
[Termination "normal"]
[Board "3.4"]
[WhiteElo "1192"]
[BlackElo "1199"]
[WhiteClock "00:10:58"]
[BlackClock "00:37:24"]
[WhiteTeam "SC Garching 1980"]
[BlackTeam "Lübecker SV 1873"]
[PlyCount "54"]
[WhiteFideId "16266145"]
[BlackFideId "16273214"]
[EventCountry "GER"]
[EventRounds "7"]
[EventType "team-swiss"]
[EventDate "2023.12.26"]

1. e4 {[%clk 01:30:57]} {[%emt 00:00:02]} c5 {[%clk 01:30:53]} {[%emt
00:00:07]} 2. Nf3 {[%clk 01:31:03]} {[%emt 00:00:25]} Nc6 {[%clk 01:31:14]}
{[%emt 00:00:08]} 3. d4 {[%clk 01:31:22]} {[%emt 00:00:12]} cxd4 {[%clk
01:31:38]} {[%emt 00:00:06]} 4. Nxd4 {[%clk 01:31:46]} {[%emt 00:00:06]} e6
{[%clk 01:32:03]} {[%emt 00:00:05]} 5. a3 {[%clk 01:31:08]} {[%emt 00:01:08]}
a6 {[%clk 01:31:53]} {[%emt 00:00:40]} 6. Nc3 {[%clk 01:31:26]} {[%emt
00:00:13]} Nf6 {[%clk 01:31:41]} {[%emt 00:00:41]} 7. Be2 {[%clk 01:30:25]}
{[%emt 00:01:31]} Qc7 {[%clk 01:31:50]} {[%emt 00:00:19]} 8. Bg5 {[%clk
01:30:09]} {[%emt 00:00:47]} Be7 {[%clk 01:31:52]} {[%emt 00:00:28]} 9. O-O
{[%clk 01:28:41]} {[%emt 00:01:59]} O-O {[%clk 01:31:43]} {[%emt 00:00:39]} 10.
Nf3 {[%clk 01:20:15]} {[%emt 00:08:56]} b5 {[%clk 01:31:37]} {[%emt 00:00:35]}
11. Qd2 {[%clk 01:18:15]} {[%emt 00:02:31]} Bb7 {[%clk 01:30:24]} {[%emt
00:01:42]} 12. Rad1 {[%clk 01:12:57]} {[%emt 00:05:49]} Rfd8 {[%clk 01:29:19]}
{[%emt 00:01:34]} 13. Rfe1 {[%clk 01:11:54]} {[%emt 00:01:33]} Rac8 {[%clk
01:26:17]} {[%emt 00:03:31]} 14. Bf4 {[%clk 01:05:32]} {[%emt 00:06:53]} d6
{[%clk 01:24:31]} {[%emt 00:02:16]} 15. h3 {[%clk 01:00:59]} {[%emt 00:05:04]}
Qb8 {[%clk 01:18:03]} {[%emt 00:06:56]} 16. Bf1 {[%clk 00:55:28]} {[%emt
00:06:03]} Ba8 {[%clk 01:06:00]} {[%emt 00:12:32]} 17. Re3 {[%clk 00:50:37]}
{[%emt 00:05:22]} Ne5 {[%clk 01:02:29]} {[%emt 00:04:00]} 18. Bxe5 {[%clk
00:37:41]} {[%emt 00:13:26]} dxe5 {[%clk 01:02:36]} {[%emt 00:00:24]} 19. Bd3
{[%clk 00:37:37]} {[%emt 00:00:33]} h6 {[%clk 00:55:57]} {[%emt 00:07:09]} 20.
Qe2 {[%clk 00:34:22]} {[%emt 00:03:46]} Bc5 {[%clk 00:54:49]} {[%emt 00:01:37]}
21. Rf1 {[%clk 00:13:17]} {[%emt 00:21:37]} Bxe3 {[%clk 00:52:09]} {[%emt
00:03:08]} 22. Qxe3 {[%clk 00:13:38]} {[%emt 00:00:09]} Nd7 {[%clk 00:46:27]}
{[%emt 00:06:11]} 23. Nh2 {[%clk 00:12:27]} {[%emt 00:01:43]} Nc5 {[%clk
00:45:11]} {[%emt 00:01:45]} 24. f4 {[%clk 00:11:58]} {[%emt 00:01:00]} exf4
{[%clk 00:44:46]} {[%emt 00:00:55]} 25. Rxf4 {[%clk 00:12:12]} {[%emt
00:00:16]} Qe5 {[%clk 00:42:52]} {[%emt 00:02:19]} 26. Qf3 {[%clk 00:10:59]}
{[%emt 00:01:48]} Rf8 {[%clk 00:40:00]} {[%emt 00:03:21]} 27. Ng4 {[%clk
00:10:58]} {[%emt 00:00:32]} Qd4+ {[%clk 00:37:24]} {[%emt 00:03:05]} 1/2-1/2

[Event "DVM U20w 2023"]
[Site "Magdeburg GER"]
[Date "2023.12.29"]
[Round "6"]
[White "Schubert, Arlene"]
[Black "Bauer, Laura Sophie"]
[Result "0-1"]
[Termination "normal"]
[Board "4.1"]
[WhiteElo "1545"]
[BlackElo "1878"]
[WhiteClock "00:01:20"]
[BlackClock "00:26:36"]
[WhiteTeam "SC 1865 Annaberg-Buchholz"]
[BlackTeam "SK Kelheim 1920"]
[PlyCount "64"]
[WhiteFideId "16220951"]
[BlackFideId "16253647"]
[EventCountry "GER"]
[EventRounds "7"]
[EventType "team-swiss"]
[EventDate "2023.12.26"]

1. e4 {[%clk 01:30:56]} {[%emt 00:00:03]} c5 {[%clk 01:30:51]} {[%emt
00:00:09]} 2. Nf3 {[%clk 01:31:20]} {[%emt 00:00:06]} Nc6 {[%clk 01:31:14]}
{[%emt 00:00:07]} 3. d4 {[%clk 01:31:44]} {[%emt 00:00:07]} cxd4 {[%clk
01:31:29]} {[%emt 00:00:15]} 4. Nxd4 {[%clk 01:32:08]} {[%emt 00:00:06]} g6
{[%clk 01:31:50]} {[%emt 00:00:09]} 5. Be3 {[%clk 01:31:18]} {[%emt 00:01:20]}
Nf6 {[%clk 01:28:48]} {[%emt 00:03:33]} 6. Nc3 {[%clk 01:29:14]} {[%emt
00:02:34]} Bg7 {[%clk 01:28:56]} {[%emt 00:00:20]} 7. Be2 {[%clk 01:28:51]}
{[%emt 00:00:54]} d6 {[%clk 01:29:09]} {[%emt 00:00:17]} 8. Qd2 {[%clk
01:27:43]} {[%emt 00:01:38]} O-O {[%clk 01:28:57]} {[%emt 00:00:41]} 9. O-O
{[%clk 01:25:33]} {[%emt 00:02:41]} Bd7 {[%clk 01:22:48]} {[%emt 00:06:39]} 10.
Rad1 {[%clk 01:18:52]} {[%emt 00:07:11]} a6 {[%clk 01:19:06]} {[%emt 00:04:12]}
11. f3 {[%clk 01:10:20]} {[%emt 00:09:01]} Rc8 {[%clk 01:17:10]} {[%emt
00:02:27]} 12. Nb3 {[%clk 01:05:19]} {[%emt 00:05:31]} Ne5 {[%clk 01:11:33]}
{[%emt 00:06:06]} 13. Nd5 {[%clk 00:53:19]} {[%emt 00:12:30]} Nxd5 {[%clk
01:11:03]} {[%emt 00:01:00]} 14. exd5 {[%clk 00:53:25]} {[%emt 00:00:25]} Nc4
{[%clk 01:08:40]} {[%emt 00:02:54]} 15. Bxc4 {[%clk 00:52:55]} {[%emt
00:00:59]} Rxc4 {[%clk 01:08:57]} {[%emt 00:00:13]} 16. c3 {[%clk 00:51:03]}
{[%emt 00:02:22]} Ba4 {[%clk 01:00:34]} {[%emt 00:08:53]} 17. Ra1 {[%clk
00:43:41]} {[%emt 00:07:52]} Rc8 {[%clk 00:54:29]} {[%emt 00:06:35]} 18. Nd4
{[%clk 00:39:39]} {[%emt 00:04:32]} Qa5 {[%clk 00:48:25]} {[%emt 00:06:34]} 19.
Ne2 {[%clk 00:32:00]} {[%emt 00:08:09]} Bb5 {[%clk 00:46:14]} {[%emt 00:02:41]}
20. Rfe1 {[%clk 00:25:34]} {[%emt 00:06:56]} Rfe8 {[%clk 00:38:45]} {[%emt
00:07:59]} 21. b4 {[%clk 00:13:19]} {[%emt 00:12:45]} Qa3 {[%clk 00:35:39]}
{[%emt 00:03:36]} 22. Qc1 {[%clk 00:03:06]} {[%emt 00:10:42]} Qxc1 {[%clk
00:35:40]} {[%emt 00:00:30]} 23. Raxc1 {[%clk 00:03:34]} {[%emt 00:00:03]} Bxe2
{[%clk 00:35:05]} {[%emt 00:01:04]} 24. Rxe2 {[%clk 00:03:53]} {[%emt
00:00:11]} Rxc3 {[%clk 00:30:45]} {[%emt 00:04:50]} 25. Rxc3 {[%clk 00:01:03]}
{[%emt 00:03:21]} Bxc3 {[%clk 00:31:11]} {[%emt 00:00:03]} 26. a3 {[%clk
00:01:19]} {[%emt 00:00:14]} Bf6 {[%clk 00:31:10]} {[%emt 00:00:31]} 27. Rc2
{[%clk 00:01:17]} {[%emt 00:00:33]} Kg7 {[%clk 00:26:55]} {[%emt 00:04:45]} 28.
Rc7 {[%clk 00:00:58]} {[%emt 00:00:49]} Ra8 {[%clk 00:26:41]} {[%emt 00:00:43]}
29. Rxb7 {[%clk 00:00:58]} {[%emt 00:00:30]} Rc8 {[%clk 00:25:35]} {[%emt
00:01:36]} 30. Ra7 {[%clk 00:00:34]} {[%emt 00:00:54]} Rc3 {[%clk 00:25:52]}
{[%emt 00:00:13]} 31. Bb6 {[%clk 00:00:56]} {[%emt 00:00:08]} Rxa3 {[%clk
00:26:12]} {[%emt 00:00:11]} 32. Ba5 {[%clk 00:01:20]} {[%emt 00:00:06]} Bd4+
{[%clk 00:26:36]} {[%emt 00:00:05]} 0-1